Từ điển từ láy tiếng Việt

Gorde:
Xehetasun bibliografikoak
Egile nagusia: Viện ngôn ngữ học Việt Nam
Formatua: Liburua
Hizkuntza:Undetermined
Argitaratua: Hà Nội KHXH 1998
Gaiak:
Etiketak: Etiketa erantsi
Etiketarik gabe, Izan zaitez lehena erregistro honi etiketa jartzen!
Thư viện lưu trữ: Trung tâm Học liệu Trường Đại học Cần Thơ
LEADER 00535nam a2200169Ia 4500
001 CTU_22801
008 210402s9999 xx 000 0 und d
082 |a 495.9223 
082 |b V305 
100 |a Viện ngôn ngữ học Việt Nam 
245 0 |a Từ điển từ láy tiếng Việt 
245 0 |c Viện ngôn ngữ học Việt Nam 
260 |a Hà Nội 
260 |b KHXH 
260 |c 1998 
650 |a vietnamese language - dictionaries 
980 |a Trung tâm Học liệu Trường Đại học Cần Thơ